banner-ar

شمس لن تغيب : (Record no. 65268)

MARC details
000 -الفاتح
حقل البيانات ثابتة الطول 00743nam a2200217Ia 4500
005 - وقت وتاريخ اخر تعامل مع التسجيلة
رقم الضبط 20240530110816.0
008 - عناصر البيانات ثابتة الطول - معلومات عامة
حقل البيانات ثابتة الطول 140319s2007 au a f b 000 0 ara d
040 ## - مصدر الفهرسة
وكالة الفهرسة الأصلية GCL /
وكالة النسخ GCL
082 04 - رقم تصنيف ديوى العشرى
رقم الطبعة 21
رقم التصنيف 759 /
رقم المادة هـ ش
100 0# - المدخل الرئيسى - إسم شخصى
الإسم الشخصى هدى عبدالرحمن
245 12 - بيان العنوان
العنوان شمس لن تغيب :
بقية العنوان صلاح طاهر /
بيان المسئوليه,etc هدى عبدالرحمن
250 ## - بيان الطبعة
بيان الطبعة ط.1
260 ## - PUBLICATION, DISTRIBUTION, ETC. (IMPRINT)
تاريخ النشر أو التوزيع 2007 .
300 ## - الوصف المادى
التعداد 100 ص. :
تفاصيل ماديه اخرى للوعاء ايض. ؛
أبعاد الوعاء 20 سم.
490 0# - بيان السلسلة
عنوان السلسلة صالون غازى الثقافى العربى : كتاب المواهب ؛
رقم المجلد/ التعيين التسلسلي العدد الثالث
600 0# - المدخل الاضافى بالموضوع-اسم شخصى
الإسم الشخصى صلاح طاهر
650 07 - المدخل الاضافى بالموضوع-مصطلح موضوعى
مصطلح موضوعي الرسامون
مصدر الرأس أو المصطلح qrmak
651 ## - المدخل الاضافى بالموضوع - اسم جغرافى
مصدر الرأس أو المصطلح qrmak
942 ## - عناصر المدخل الإضافي( كوها)
مصدر التصنيف او مخطط الترفيف Dewey Decimal Classification
Koha [default] item type كتاب
260 ## - PUBLICATION, DISTRIBUTION, ETC. (IMPRINT)
-- القاهرة :
-- المؤلف،
Holdings
حالة التراجع حالة الفقد حالة تلف ليس للاعارة المكان المؤقت الموقع الحالى موقع الترفيف تاريخ الاكتساب اجمالي اﻻعارات رقم الطلب الباركود تاريخ اخر مشاهدة تاريخ تفعيل السعر نوع وعاء كوها
        مكتبة القاهرة الكبرى مكتبة القاهرة الكبرى   06/16/2019   759 / هـ ش 165966 06/16/2019 06/16/2019 كتاب

Powered By

EGPV